| 000 | 00000nam##2200000za#4500 |
| 001 | 9.582201 |
| 003 | CaOODSP |
| 005 | 20210624191911 |
| 007 | cr ||||||||||| |
| 008 | 150406|2002||||xxc|||||o f|0| 0 eng|d |
| 040 | |aCaOODSP|beng |
| 041 | |aeng |
| 041 | |afre |
| 043 | |an-cn--- |
| 086 | 1 |aYB372-5/1-PDF |
| 110 | 1 |aCanada. |bParliament. |bSenate. |
| 245 | 13|aAn Act respecting a National Acadian Day|h[electronic resource]|cThe Honourable Senator Comeau. |
| 246 | 1 |iShort title : |aNational Acadian Day Act |
| 260 | |aOttawa - Ontario : |bSenate |cFirst reading, October 2, 2002. |
| 300 | |a3p. |
| 490 | 1 |aBills of the Senate|vS-5 |
| 590 | |a09-06-Supp|b2009-07-27 |
| 776 | 0#|tLoi sur la Journée de la fête nationale des Acadiens et des Acadiennes : |w(CaOODSP)9.537301 |
| 792 | |tLoi instituant la Journée de la fête nationale des Acadiens et des Acadiennes|efre|w(CaOODSP)9.582202 |
| 830 | #0|aBills of the Senate ;|vS-5|w(CaOODSP)9.500155 |
| 856 | 40|ahttp://publications.gc.ca|qPDF|s45 KB|uhttps://publications.gc.ca/collections/Collection/YB372-5-1.pdf|yS-5 |